000
00460nam a2200181Ia 4500
008
090123s9999 xx 000 0 und d
082
_b
15910
100
_a
धीरज
245
_a
भरत मिलाप
250
_a
0
260
_b
राज पॉकेट बुक्स
300
_a
233
600
_a
धीरज
630
_a
भरत मिलाप
700
_a
धीरज
730
_a
भरत मिलाप
942
_c
BOOK
999
_c
53971
_d
53971